000 00705nam a2200217 u 4500
005 20240924071233.0
008 080526s2006 es r 000 0 spa d
020 _a8467508531
035 _aUPN01000156307
049 _aI
050 4 _aPZ76.3
_bT3.7
100 1 _aTaboada, Almudena,
_d1962-
_936096
245 1 0 _aSofía, la golondrina /
_cAlmudena Taboada ; il. Ana López Escrivá.
260 _aMadrid :
_bSM,
_cc2006.
300 _a29 p. :
_bprincipalmente il. col.
440 0 _aCuentos para sentir ;
_v3.
_pTodos somos diferentes
650 7 _aAves
_vCuentos y leyendas
_2
_94118
650 4 _aLiteratura infantil
_94445
700 1 _aLópez Escrivá, Ana,
_d1967-
_eil.
_933312
905 _aInfantil
999 _c128421
_d128421